000 00334nam a2200133Ia 4500
008 240624s9999 xx 000 0 und d
041 _aeng
082 _a658.4 LAT
100 _aLATOUR B
245 _aLABORATORY LIFE THE CONSTRUCTION OF SCIE
260 _c1986
_afacts
_bPrinceton University Press
300 _a296 : p.
365 _c
999 _c20967
_d20967